000 00505nam a2200181Ia 4500
005 20250326141641.0
008 250326s9999 xx 000 0 und d
037 _aTextbook
040 _aFMSL
_beng
_cFMSL
041 _aeng
_2eng
084 _qFMSL
100 _aNischal Surendra
_9390583
245 0 _aEffective leadership : A Study of white collar Workers
_cNischal Surendra
260 _aNew Delhi
_bNew Delhi, Uppal Pub.
_c1989
300 _a203p
942 _cTB
999 _c1291313
_d1291313